Jom mengetop

Bibliographic Details
Main Author: Dr. Hm Tuah Iskandar al-Haj
Format: Book
Published: Selangor : Alaf 21 Sdn. Bhd , 2009
Subjects:

MARC

LEADER 00000cam a2200000 7i4500
001 0000035631
005 20150201.0
008 130513
020 |a 9831244654 
090 0 0 |a 158.1   |b HMT 
100 0 |a Dr. Hm Tuah Iskandar al-Haj 
245 1 0 |a Jom mengetop   |c Dr. Hm Tuah Iskandar al-Haj 
260 |a Selangor :   |b Alaf 21 Sdn. Bhd ,   |c 2009 
650 0 |a Success   |x Psychological aspects 
999 |a 0001192245   |b Book   |c Adult Collection   |e Cawangan Bandar Tenggara 
999 |a 0001192246   |b Book   |c Adult Collection   |e Cawangan Mersing 
999 |a 0001192247   |b Book   |c Adult Collection   |e Cawangan Muar 
999 |a 0001192253   |b Book   |c Adult Collection   |e Cawangan Tmn. Ungku Tun Aminah 
999 |a 0001192256   |b Book   |c Adult Collection   |e Cawangan Bukit Gambir 
999 |a 0001192258   |b Book   |c Adult Collection   |e Perbadanan Perpustakaan Awam Johor